2004 Indian Ocean Earthquake Affected Countries - Statistics

General Stats
  • This quiz has been taken 29 times
  • The average score is 33 of 56
Answer Stats
Country % Correct
India
96%
Indonesia
92%
Malaysia
92%
Thailand
92%
Australia
83%
China
83%
Myanmar
83%
Singapore
83%
Bangladesh
79%
Somalia
79%
South Korea
79%
Sri Lanka
79%
United States
79%
Japan
75%
South Africa
75%
Tanzania
75%
Maldives
71%
Philippines
71%
Vietnam
71%
Brazil
67%
Canada
67%
Kenya
67%
New Zealand
67%
Russia
67%
Yemen
67%
France
63%
Mexico
63%
Spain
63%
United Kingdom
63%
Argentina
58%
Chile
58%
Italy
58%
Portugal
58%
Seychelles
54%
Sweden
54%
Turkiye
54%
Belgium
50%
Denmark
50%
Germany
50%
Ireland
50%
Austria
46%
Finland
46%
Norway
46%
Poland
46%
Netherlands
42%
Switzerland
42%
Taiwan
42%
Colombia
33%
Israel
33%
Ukraine
33%
Croatia
29%
Estonia
25%
Czechia
21%
Luxembourg
17%
Malta
17%
Gabon
4%
No matching quizzes found
Score Distribution
Percent of People with Each Score
Percentile by Number Answered
Your Score History
You have not taken this quiz